Democracy and prebendal politics in Nigeria (Record no. 3039)

MARC details
000 -LEADER
fixed length control field 00352nam a22001337a 4500
008 - FIXED-LENGTH DATA ELEMENTS--GENERAL INFORMATION
fixed length control field 250416b |||||||| |||| 00| 0 eng d
020 ## - INTERNATIONAL STANDARD BOOK NUMBER
ISBN 9782461172
100 ## - MAIN ENTRY--AUTHOR
Author Joseph A. Richard
245 ## - TITLE STATEMENT
Title Democracy and prebendal politics in Nigeria
260 ## - PUBLICATION, DISTRIBUTION, ETC. (IMPRINT)
Place of publication Ibadan
Name of publisher Spectrum books Limited
Date of publication 1987
300 ## - COLLATION
Pagination 237p.
942 ## - ADDED ENTRY ELEMENTS (KOHA)
Item type Books
050 ## - LIBRARY OF CONGRESS CALL NUMBER
Classification number JQ 3096
Item number .J67
Holdings
Source of classification or shelving scheme Not for loan Permanent location Current location Date acquired Accession No. Full call number Barcode. Koha item type
Library of Congress Classification   Samuel Ogbemudia Main Library, University of Abuja Samuel Ogbemudia Main Library, University of Abuja 04/16/2025 93/012988 JQ 3096.J67 2025-1440 Books